000 00611nam a2200193Ia 4500
005 20250508153203.0
008 008 250505s9999 xx 000 0 eng d
037 _aTextual
040 _aFEDL
_beng
_cFEDL
041 _aeng
_2eng
084 _a330.196 095 433, NAT
_qFEDL
245 0 _aTechno - economic survey of Madhya Pradesh
245 0 _cNational Council of Applied economic research (New Delhi)
260 _aBombay, India
_bAsia Publishing House
_c1960
300 _axviii,323p
650 _aEconomics
942 _cTEXL
_h330.196 095 433, NAT
999 _c1341120
_d1341120